Κατάλογος Βιβλιοθηκών Mediterranean College

Οικογένεια και Όρια / Συστημική Προσέγιση (Record no. 103)

MARC details
000 -LEADER
fixed length control field 01888cam a22002054a 4500
005 - ΗΜΕΡΟΜΗΝΙΑ ΚΑΙ ΩΡΑ ΤΕΛΕΥΤΑΙΑΣ ΕΝΗΜΕΡΩΣΗΣ
Πεδίο ελέγχου 20250605163924.0
008 - FIXED-LENGTH DATA ELEMENTS--GENERAL INFORMATION
Πεδίο ελέγχου σταθερού μήκους 250528s ||||||||||||||||||||||||d
035 ## - SYSTEM CONTROL NUMBER
System control number 14473
020 ## - ISBN
ISBN 9603449709
040 ## - ΠΗΓΗ ΚΑΤΑΛΟΓΟΓΡΑΦΗΣΗΣ
Φορέας πρωτότυπης καταλογογράφησης MC Athens Campus Library
Γλώσσα καταλογογράφησης Ελληνικά, Μοντέρνα (1453-)
Modifying agency MC Athens Campus Library
Κανόνες περιγραφικής καταλογογράφησης AACR2
245 1# - ΤΙΤΛΟΣ ΚΑΙ ΔΗΛΩΣΗ ΥΠΕΥΘΥΝΟΤΗΤΑΣ
Τίτλος Οικογένεια και Όρια / Συστημική Προσέγιση
250 ## - EDITION STATEMENT
Edition statement
260 ## - PUBLICATION, DISTRIBUTION, ETC.
Name of publisher, distributor, etc. Ελληνικά Γράμματα,
Date of publication, distribution, etc. 2000
300 ## - PHYSICAL DESCRIPTION
Extent 368
520 ## - SUMMARY, ETC.
Summary, etc. Ένας νέος τρόπος προσέγγισης της ευρύτερης επιστημονικής γνώσης, αλλά και των θεμάτων που αφορούν τη μελέτη της οικογένειας και την ψυχοθεραπεία, τόσο σε θεωρητικό επίπεδο όσο και σε επίπεδο μεθοδολογίας. Πρόλογος, Εισαγωγή, Η Συστημική Προσέγγιση και η Εφαρμογή της στην Οικογένεια και την Οικογενειακή Θεραπεία, Οριοθέτηση του Συστήματος της Οικογένειας και του Ζευγαριού, Τύποι Ορίων στο Σύστημα της Οικογένειας, Τα Βασικότερα Υποσυστήματα στην Οικογένεια, Προβλήματα που Δημιουργούνται στο Σύστημα της Οικογένειας Εξαιτίας της μη Διαμόρφωσης Λειτουργικών Ορίων, Η Διαμόρφωση των Ορίων σε κάθε Στάδιο Ανάπτυξης του Παιδιού, Η Αποκατάσταση των Ορίων στη Θεραπευτική Προσέγγιση της Οικογένειας, Βιβλιογραφία.
700 1# - ΠΡΟΣΘΕΤΗ ΑΝΑΓΡΑΦΗ--ΦΥΣΙΚΟ ΠΡΟΣΩΠΟ
Personal name Παπαδιώτη-Αθανασίου Βασιλική
9 (RLIN) 158
942 ## - ADDED ENTRY ELEMENTS (KOHA)
Koha item type Books
Holdings
Τύπος τεκμηρίου Βιβλιοθήκη Τρέχουσα τοποθεσία Barcode Αριθμός εισαγωγής Ημερομηνία απόκτησης Ταξιθετικό σύμβολο Αριθμός αντιτύπου Κατάσταση απόσυρσης Κατάσταση χαμένου Κατάσταση κατεστραμμένου Μη δανεισμός Σύνολο δανεισμών Ημερομηνία τελευταίας εμφάνισης Η τιμή ισχύει από
Books MC Athens Campus Library MC Athens Campus Library 9780000001023 9292 05/06/2025 306.85 PAP 1           05/06/2025 05/06/2025

MC Athens Campus Library
Πατησίων 94 & Κοδριγκτώνος 13, 104 34
Πελλήνης 8 & Πατησίων 107, 112 51
Τ: +30 210 8899600

MC Thessaloniki Campus Library
Ίωνος Δραγούμη 21, 54625 | Ίωνος Δραγούμη 15, 54625
Τ: +30 2310 287779 – Τ: +30 2314 440300